Every Song by Lynyrd Skynyrd - Statistics

General Stats
  • This quiz has been taken 41 times
  • The average score is 13 of 154
Answer Stats
Album Song % Correct
(Pronounced 'Lĕh-'nérd 'Skin-'nérd)(1973) Free Bird
100%
Second Helping(1974) Sweet Home Alabama
89%
(Pronounced 'Lĕh-'nérd 'Skin-'nérd)(1973) Simple Man
84%
(Pronounced 'Lĕh-'nérd 'Skin-'nérd)(1973) Tuesday's Gone
68%
(Pronounced 'Lĕh-'nérd 'Skin-'nérd)(1973) Gimme Three Steps
53%
Gimme Back My Bullets(1976) Gimme Back My Bullets
42%
Second Helping(1974) The Ballad of Curtis Loew
42%
Second Helping(1974) The Needle and the Spoon
42%
Edge of Forever(1999) Workin
37%
Nuthin' Fancy(1975) Saturday Night Special
32%
Street Survivors(1977) That Smell
32%
Street Survivors(1977) What's Your Name
32%
Second Helping(1974) Workin' for MCA
32%
Second Helping(1974) Don't Ask Me No Questions
26%
(Pronounced 'Lĕh-'nérd 'Skin-'nérd)(1973) I Ain't the One
26%
Second Helping(1974) I Need You
26%
(Pronounced 'Lĕh-'nérd 'Skin-'nérd)(1973) Mississippi Kid
26%
(Pronounced 'Lĕh-'nérd 'Skin-'nérd)(1973) Poison Whiskey
26%
Christmas Time Again(2000) Christmas Time Again
21%
Skynyrd's First and...Last(1978) Down South Jukin'
21%
Second Helping(1974) Swamp Music
21%
(Pronounced 'Lĕh-'nérd 'Skin-'nérd)(1973) Things Goin' On
21%
Edge of Forever(1999) Edge of Forever
16%
Street Survivors(1977) I Know a Little
16%
Last of a Dyin' Breed(2012) Last of a Dyin' Breed
16%
The Last Rebel(1993) The Last Rebel
16%
Street Survivors(1977) You Got That Right
16%
Street Survivors(1977) Ain't No Good Life
11%
Nuthin' Fancy(1975) Cheatin' Woman
11%
Skynyrd's First and... Last(1978) Comin' Home
11%
Gimme Back My Bullets(1976) Cry for the Bad Man
11%
One More from the Road(1976) Travelin' Man
11%
Legend(1987) Georgia Peaches
11%
Nuthin' Fancy(1975) I'm a Country Boy
11%
Street Survivors(Bonus)(2001) Jacksonville Kid
11%
Non-Album(2020) Last of the Street Survivors
11%
Skynyrd's First and... Last(1978) Lend a Helpin' Hand
11%
Collectybles(2000) Michelle
11%
Legend(1987) Mr. Banker
11%
Street Survivors(1977) One More Time
11%
Nuthin' Fancy(1975) On the Hunt
11%
Gimme Back My Bullets(1976) Searching
11%
Nuthin' Fancy(1975) Whiskey Rock-a-Roller
11%
Gimme Back My Bullets(1976) All I Can Do Is Write About It
5%
Nuthin' Fancy(1975) Am I Losin'
5%
Collectybles(2000) Bad Boy Blues
5%
Endangered Species(1994) Devil in the Bottle
5%
Skynyrd's First and... Last(1978) Preacher's Daughter
5%
Second Helping(Bonus)(1997) Was I Right or Wrong
5%
Gimme Back My Bullets(1976) Double Trouble
5%
Gimme Back My Bullets(1976) Every Mother's Son
5%
Best of the Rest(1982) Gotta Go
5%
Street Survivors(1977) I Never Dreamed
5%
Best of the Rest(1982) I've Been Your Fool
5%
Nuthin' Fancy(1975) Made in the Shade
5%
Collectybles(2000) Memphis
5%
Collectybles(2000) Need All My Friends
5%
Collectybles(2000) No One Can Take Your Place
5%
Legend(1987) One in the Sun
5%
Nuthin' Fancy(1975) Railroad Song
5%
Vicious Cycle(2003) Red, White, & Blue
5%
Gimme Back My Bullets(1976) Roll Gypsy Roll
5%
Christmas Time Again(2000) Skynyrd Family
5%
Lynyrd Skynyrd 1991(1991) Smokestack Lightning
5%
Legend(1987) Sweet Little Missy
5%
Legend(1987) Take Your Time
5%
Skynyrd's First and... Last(1978) The Seasons
5%
Legend(1987) Truck Drivin' Man
5%
Gimme Back My Bullets(1976) Trust
5%
Legend(1987) When You Got Good Friends
5%
Skynyrd's First and... Last(1978) White Dove
5%
Skynyrd's First and... Last(1978) Wino
5%
Collectybles(2000) Woman of Mine
5%
Skynyrd's First: The Complete Muscle Shoals Album(1998) Ain't Too Proud to Pray
0%
Vicious Cycle(2003) All Funked Up
0%
Endangered Species(1994) All I Have Is a Song
0%
Lynyrd Skynyrd 1991(1991) Backstreet Crawler
0%
Twenty(1997) Berneice
0%
The Last Rebel(1993) Best Things in Life
0%
Twenty(1997) Blame It on a Sad Song
0%
The Last Rebel(1993) Born to Run
0%
Twenty(1997) Bring It On
0%
The Last Rebel(1993) Can't Take That Away
0%
Christmas Time Again(2000) Classical Christmas
0%
Vicious Cycle(2003) Crawl
0%
Vicious Cycle(2003) Dead Man Walkin'
0%
Endangered Species(1994) Heartbreak Hotel
0%
Lynyrd Skynyrd(1991) (I Got the) Same Old Blues
0%
Last of a Dyin' Breed(Bonus)(2012) Do It Up Right
0%
Lynyrd Skynyrd 1991(1991) End of the Road
0%
Edge of Forever(1999) FLA
0%
Legend(1987) Four Walls of Raiford
0%
Edge of Forever(1999) Full Moon Night
0%
Edge of Forever(1999) Gone Fishin'
0%
The Last Rebel(1993) Good Lovin's Hard to Find
0%
Endangered Species(1994) Good Luck, Bad Luck
0%
Last of a Dyin' Breed(2012) Good Teacher
0%
Lynyrd Skynyrd 1991(1991) Good Thing
0%
Edge of Forever(1999) G.W.T.G.G.
0%
Vicious Cycle(2003) Hell or Heaven
0%
Lynyrd Skynyrd(1991) He's Alive
0%
Collectybles(2000) Hide Your Face
0%
Endangered Species(1994) Hillbilly Blues
0%
Last of a Dyin' Breed(2012) Homegrown
0%
Last of a Dyin' Breed(2012) Honey Hole
0%
Twenty(1997) How Soon We Forget
0%
Collectybles(2000) If I'm Wrong
0%
Lynyrd Skynyrd 1991(1991) It's a Killer
0%
Lynyrd Skynyrd 1991(1991) I've Seen Enough
0%
Vicious Cycle(2003) Jake
0%
Lynyrd Skynyrd(1991) Junkie
0%
Lynyrd Skynyrd 1991(1991) Keeping the Faith
0%
The Last Rebel(1993) Kiss Your Freedom Goodbye
0%
Vicious Cycle(2003) Life's Lessons
0%
Last of a Dyin' Breed(2012) Life's Twisted
0%
The Last Rebel(1993) Love Don't Always Come Easy
0%
Last of a Dyin' Breed(Bonus)(2012) Low Down Dirty
0%
Vicious Cycle(2003) Lucky Man
0%
Vicious Cycle(2003) Mad Hatter
0%
Lynyrd Skynyrd 1991(1991) Mama (Afraid to Say Goodbye)
0%
Christmas Time Again(2000) Mama's Song
0%
Edge of Forever(1999) Mean Streets
0%
Last of a Dyin' Breed(2012) Mississippi Blood
0%
Edge of Forever(1999) Money Back Guarantee
0%
Lynyrd Skynyrd 1991(1991) Money Man
0%
Twenty(1997) Never Too Late
0%
Last of a Dyin' Breed(2012) Nothing Comes Easy
0%
Last of a Dyin' Breed(2012) One Day at a Time
0%
The Last Rebel(1993) One Thing
0%
Twenty(1997) O.R.R.
0%
The Last Rebel(1993) Outta Hell in My Dodge
0%
Vicious Cycle(2003) Pick Em Up
0%
Last of a Dyin' Breed(Bonus)(2012) Poor Man's Dream
0%
Edge of Forever(1999) Preacher Man
0%
Lynyrd Skynyrd 1991(1991) Pure & Simple
0%
Last of a Dyin' Breed(2012) Ready to Fly
0%
Vicious Cycle(2003) Rockin' Little Town
0%
Edge of Forever(1999) Rough Around the Edges
0%
Last of a Dyin' Breed(Bonus)(2012) Sad Song
0%
Twenty(Bonus)(1997) Sign of the Times
0%
Last of a Dyin' Breed(Bonus)(2012) Skynyrd Nation
0%
Last of a Dyin' Breed(2012) Something to Live For
0%
Lynyrd Skynyrd 1991(1991) Southern Women
0%
The Last Rebel(1993) South of Heaven
0%
Last of a Dyin' Breed(2012) Start Livin' Life Again
0%
Vicious Cycle(2003) Sweet Mama
0%
Twenty(1997) Talked Myself Right Into It
0%
Vicious Cycle(2003) That's How I Like It
0%
Vicious Cycle(2003) The Way
0%
Edge of Forever(1999) Through It All
0%
Edge of Forever(1999) Tomorrow's Goodbye
0%
Twenty(1997) Voodoo Lake
0%
Twenty(1997) We Ain't Much Different
0%
Skynyrd's First: The Complete Muscle Shoals Album(1998) You Run Around
0%
No matching quizzes found
Score Distribution
Percent of People with Each Score
Percentile by Number Answered
Your Score History
You have not taken this quiz